000
00344cam a2200157ua 4500
041
_a
eng
_h
082
_a
658.314
_b
MAS/MO
100
_a
Maslow, Abraham H .
245
_a
Motivation and personality
250
_a
3 /
_b
.
260
_a
New York :
_b
Longman ,
_c
2000.
300
_a
293 ; .
504
_a
942
_c
BK
999
_c
288
_d
288